Auto Modell Quiz - Elektro - Statistiken

Allgemein
  • Dieses Quiz wurde 202 mal gespielt
  • Das Durchschnittsergebnis liegt bei 5 aus 10
Antwortstatistiken
Bildquiz Antwort % Korrekt
Tesla Model 3
79%
Porsche Taycan
78%
Mercedes EQS 450+
63%
Ford Mustang Mach-E
50%
Polestar 2
46%
Hyundai Ioniq 5
41%
Cupra Born
40%
BMW i4 eDrive 40
39%
Kia EV6
31%
Volkswagen ID 7
19%
Keine übereinstimmenden Quizze gefunden
Verteilung der Resultate
Anzahl Personen mit jedem Resultat
Perzentil nach korrekt beantworteten Fragen
Ihre Resultats-Entwicklung
Sie haben dieses Quiz noch nicht gespielt